Statistics for Uncommon Fruits

Click here to take the quiz!

General Stats

  • This quiz has been taken 10 times
  • The average score is 4 of 10

Answer Stats

Answer% Correct
Jackfruit
71%
Lychee
71%
Mangosteen
57%
Persimmon
57%
Nashi
43%
Rambutan
43%
Custard Apple
29%
Horned Melon
14%
Snakefruit
14%
Longan
0%

Score Distribution

Percentile by Number Answered

Percent of People with Each Score

Your Score History

You have not taken this quiz